Las ambivalencias pedagogicas en el contexto de la accion y proceso educativo (Record no. 93579)

MARC details
000 -CABECERA
campo de control de longitud fija 00587nam a2200193 a 4500
005 - FECHA Y HORA DE LA ÚLTIMA TRANSACCIÓN
campo de control 20210219154243.0
008 - ELEMENTOS DE LONGITUD FIJA--INFORMACIÓN GENERAL
campo de control de longitud fija 991125n 000 0 spa u
035 ## - NÚMERO DE CONTROL DEL SISTEMA
Número de control de sistema UPN01000121330
100 ## - ASIENTO PRINCIPAL--NOMBRE PERSONAL
Nombre de persona PEIRO I GREGORI, Salvador, 1947-
222 ## - TÍTULO CLAVE
Título clave REVISTA ESPAÑOLA DE PEDAGOGIA
245 ## - MENCIÓN DE TÍTULO
Título Las ambivalencias pedagogicas en el contexto de la accion y proceso educativo
300 ## - DESCRIPCIÓN FÍSICA
Extensión 221-235
362 ## - FECHAS DE PUBLICACIÓN Y/O DESIGNACIÓN SECUENCIAL
Fecha de publicación y/o designación secuencial 1985 Año 43, No. 168, jul.-sept.
653 0# - TERMINO DE INDIZACION - NO CONTROLADO
Término no controlado TEORIAS DE LA EDUCACION
653 0# - TERMINO DE INDIZACION - NO CONTROLADO
Término no controlado AUTONOMIA PERSONAL
653 0# - TERMINO DE INDIZACION - NO CONTROLADO
Término no controlado CIBERNETICA
904 ## - ELEMENTOS DE DATOS D LOCAL, LDD (RLIN)
a AC
b 026236
905 ## - TIPO DE MATERIAL
Tipo de material Articulo

No items available.